Niektoré vybrané problémy medzinárodného finančného manažmentu
Vymedzenie základných pojmov: devízy, valuty, devízové burzy, voľné obchody a promptný devízový trh. Spôsoby vyjadrenia ceny ako základného parametra hodnotového vyjadrenia zamieňaných aktív (alebo kotácie).
Enregistré dans:
| Auteur principal: | |
|---|---|
| Format: | Chapitre de livre |
| Langue: | slovaque |
| Sujets: | |
| Tags: |
Pas de tags, Soyez le premier à ajouter un tag!
|
MARC
| LEADER | 00000nla$a2200000$$$4500 | ||
|---|---|---|---|
| 001 | 0027121 | ||
| 005 | 20240502071427.8 | ||
| 041 | 0 | |a slo | |
| 044 | |a SK | ||
| 245 | 1 | 0 | |a Niektoré vybrané problémy medzinárodného finančného manažmentu |c Boris Šturc |
| 520 | |a Vymedzenie základných pojmov: devízy, valuty, devízové burzy, voľné obchody a promptný devízový trh. Spôsoby vyjadrenia ceny ako základného parametra hodnotového vyjadrenia zamieňaných aktív (alebo kotácie). | ||
| 610 | 2 | 0 | |a burzy |
| 610 | 2 | 0 | |a manažment finančný |
| 610 | 2 | 0 | |a pojmy |
| 610 | 2 | 0 | |a devízy |
| 610 | 2 | 0 | |a valuty |
| 610 | 2 | 0 | |a obchod voľný |
| 610 | 2 | 0 | |a kurzy |
| 100 | 1 | |a Šturc, Boris, 1961- | |